Представление документа в формате RUSMARC

ПолеНазваниеЗначение
  Тип записи a
  Библиографический уровень m
001 Контрольный номер RU/CBS_UL/BASE/5aea96c61b574af58bc037f16cd63b03
005 Дата корректировки 20251121152940.5
010 Индекс ISBN __
a ISBN
d Цена 40 р. 00 к.
9 Тираж экз.
100 Данные общей обработки __
a Данные общей обработки 20251121d 0rusy0189## ca
101 Язык документа 0_
a Язык текста rus
102 Страна публикации __
a Страна публикации RU
200 Заглавие и сведения об ответственности 1_
a Заглавие Германия
f Первые сведения об ответственности В. М. Роньшин
g Последующие сведения об ответственности худож. И. В. Иванченко
210 Выходные данные 1_
a Место издания Москва
c Издательство Белый город
d Дата издания 2006
215 Физическое описание __
a Объем 31 с.
c Иллюстрации/тип воспроизводства ил.
d Формат см.
225 Серия 2_
a Серия Читаем сами. Мир вокруг нас
300 Общие примечания __
a Общие примечания 6+
606 Тематические рубрики 0_
a Основная рубрика Страноведение - Германия
610 Ключевые слова 0_
a Ключевые слова Германия; география; культура; история происхождения; города; животные; кухня немецкая
686 Индексы других классификаций __
2 Код системы rubbk
a Классификационный индекс 26.89(4Гем)
700 Автор _1
a Фамилия Роньшин
b Имя (инициалы) В. М.
g Полное личное имя Валерий Михайлович
801 Источник записи _0
a Страна RU
b Организация МБУК ЦБС г. Ульяновска
c Дата составления 20251121
g Правила каталогизации RCR
801 Источник записи _1
a Страна RU
b Организация МБУК ЦБС г. Ульяновска
c Дата составления 20251121
g Правила каталогизации RCR
852 Данные о местонахождении __
j Шифр хранения 26.89(4)
i Авторский знак Р 71
901 Тип документа __
t Тип документа m
909 Создатель записи __
a Создатель записи obr6
b Дата создания записи 20251121